000 00868nmm a2200265 a 4500
001 ocm000595786
003 TR-IsHL
005 20201028133917.0
008 131121s2005 tu tur
007 cr cn
020 _a9789756300077
035 _a595786
_b(N$T)
050 0 4 _aPL248.Y83
_bK5 2005
090 0 4 _aPL248.Y83
_bK5 2005
100 1 _aYücel, Kazım Kürşat
245 1 0 _aKızıl elma: güneşin battığı yere..
_h[electronic resource] /
_cKazım Kürşat Yücel
260 _aİstanbul :
_bTarih Düşünce Kitapları,
_c2005
300 _a144 p.
650 4 _aDil ve Edebiyat
650 4 _aLanguage and Literature
650 0 _aTürk şiiri
650 0 _aTurkish poetry
650 7 _aLITERARY COLLECTIONS / Middle Eastern
_2bisacsh
856 4 0 _uhttp://search.ebscohost.com/login.aspx?direct=true&scope=site&db=e011xww&AN=595786
999 _c5899
_d5899